Регионална библиотека "Любен Каравелов" - Русе

Михаил Арнаудов пред художествена галерия (Запис номер 346224)

MARC детайли
000 -Лидер
Контролно поле с фиксирана дължина nkm a22 a 4500
003 - Код на организацията, давaща контролен номер
Контролно поле BLK
005 - Дата и час на последна редакция
Контролно поле 20191028085106.0
008 - Елементи от данни с фиксирана дължина
fixed length control field 191028b bu ||||| |||| 00| 0 bu d
040 ## - Източник на каталожния запис
Идентификатор на билиотеката - собственик на записа BLK
041 ## - Код за език
Код за езика на текст/звукозапис или на отделно заглавие Български
Код за езика КДБФ Български
080 ## - УДК
Текстов определител УДК Фотография на човек, тяло, лице, портрет. Битов жанр
УДК код - определител по УДК 77.041
УДК - код + определител 77.041
245 ## - Сведения за заглавието
Заглавие Михаил Арнаудов пред художествена галерия
Подзаглавни данни [Снимка]
300 ## - Физическа характеристика
Размери/Мащаб 17 Х 12 см
380 ## - Жанр
Жанр Изкуство
490 ## - СЕРИИ (Колекции)
9 (RLIN) 396381
Име на серия Частна колекция - Академик Михаил Арнаудов
Бележки за серията Дарение - Основен фонд
505 ## - Форматирана забележка
Заглавие Групова снимка пред сграда с надпис Окръжен народен съвет Художествена галерия. Няма данни за място и година. - Копие
852 ## - Местоположение
Форматна сигнатура МА 5049
999 ## - СИСТЕМНИ КОНТРОЛНИ НОМЕРА
Koha biblionumber 346224
Koha biblioitemnumber 346224
942 ## - АРТИКУЛИ
Източник на класификационната схема Universal Decimal Classification
Вид на библиотечния материал Фотографии (фотографски изображения, снимки)
Скрит в OPAC Не
Периодичен библиозапис Да
Наличности
Код за отписване Код за изгубен артикул Източник на класификационната схема Код за повреда Код за отдаване Артикулен № Име на библиотеката - собственик Име на библиотеката, в която се намира в момента Статус (Текущо местоположение) Дата на вписване в системата Местоположение - отдел Цена в лева Систематично азбучна сигнатура Баркод Цена в евро Служебен тип на артикула
  Не е изгубен Universal Decimal Classification Не е повреден Специални фондове ( старопечатни, редки и ценни, фонд М. Арнаудов) 748301 Регионална библиотека "Любен Каравелов" Русе Регионална библиотека "Любен Каравелов" Русе Фонд "Михаил Арнаудов" 2019-10-30 Фонд "Михаил Арнаудов" 14.00 МА 5049 120000837198 7.16 Фотографии (фотографски изображения, снимки)
Vip Innovations Ltd, Rousse, Bulgaria 2025